[Event "Arctic Chess Challenge"]
[Site "Tromso NOR"]
[Date "2009.08.03"]
[Round "3"]
[White "Royset,P"]
[Black "Karlsen,S"]
[Result "1-0"]
[WhiteElo "2239"]
[BlackElo "2013"]

1.e4 d6 2.d4 g6 3.Nc3 Bg7 4.Nf3 a6 5.a4 Nc6 6.h3 e5 7.Bg5 Nge7 8.Nd5 exd4
9.Nxd4 Nxd5 10.Bxd8 Nxd4 11.Bh4 Nf4 12.c3 Nc6 13.Bg5 Ne6 14.Be3 O-O 15.Bc4 Nc5
16.f3 Ne5 17.Be2 Be6 18.O-O Bb3 19.Qb1 Rae8 20.Ra3 Bc4 21.Qc2 f5 22.Bxc5 Bxe2
23.Qxe2 dxc5 24.f4 Nf7 25.e5 Nd6 26.c4 Ne4 27.h4 Rd8 28.Rd1 Rd4 29.Rxd4 cxd4
30.c5 Rd8 31.Qc4+ Kf8 32.Rd3  1-0

[Event "Open"]
[Site "Kavala GRE"]
[Date "2009.08.04"]
[Round "5"]
[White "Sandalakis,A"]
[Black "Gelashvili,T"]
[Result "0-1"]
[WhiteElo "2350"]
[BlackElo "2605"]

1.e4 d6 2.d4 g6 3.Nc3 Bg7 4.Be3 a6 5.a4 Nd7 6.Nf3 b6 7.Bc4 e6 8.O-O h6 9.Nd2 Ne7
10.f4 Bb7 11.Qf3 Nf6 12.Bb3 h5 13.Qe2 Qd7 14.Rad1 d5 15.e5 Ng4 16.h3 Nxe3
17.Qxe3 Nf5 18.Qf2 Bf8 19.Ne2 h4 20.c3 a5 21.Rfe1 Ba6 22.Nf1 Be7 23.Bc2 c5
24.Ne3 Rc8 25.Nxf5 gxf5 26.Kh2 Qc6 27.Ng1 cxd4 28.Qxd4 Bc5 29.Qd2 d4 30.Bd3 Bxd3
31.Qxd3 dxc3 32.bxc3 Qxa4 33.Ne2 Rg8 34.Rf1 Ke7 35.Nd4 Bxd4 36.cxd4 Qc2 37.Qa3+ Ke8
38.Rg1 Qf2 39.Qd6 Rg3 40.Kh1 Qe3 41.Rge1 Rxh3+ 42.gxh3 Qxh3+ 43.Kg1 Qg3+
44.Kf1 Qxf4+ 45.Kg1 Qg3+ 46.Kf1 Qf3+ 47.Kg1 h3 48.Rd2 Qg3+ 49.Kf1 h2  0-1

[Event "Open"]
[Site "Kavala GRE"]
[Date "2009.08.04"]
[Round "5"]
[White "Hunt,A"]
[Black "Zubarev,Al1"]
[Result "0-1"]
[WhiteElo "2428"]
[BlackElo "2548"]

1.e4 g6 2.d4 d6 3.Nc3 Bg7 4.Be3 a6 5.f4 Nd7 6.Nf3 b5 7.Bd3 b4 8.Ne2 c5 9.c3 bxc3
10.bxc3 Ngf6 11.e5 Ng4 12.Bc1 cxd4 13.cxd4 Bb7 14.Rb1 Rb8 15.O-O O-O 16.h3 Nh6
17.Ng3 Bd5 18.Rxb8 Nxb8 19.Qa4 Qb6 20.Be3 Qb7 21.Bc4 Bxc4 22.Qxc4 Rc8 23.Qa4 e6
24.Rc1 d5 25.Rxc8+ Qxc8 26.Nd2 Bf8 27.Nb3 Qc3 28.Bf2 Qc8 29.Be3 Nc6 30.Bd2 Kg7
31.Ne2 Qb7 32.g4 Ng8 33.Nec1 h5 34.Kg2 hxg4 35.hxg4 Nh6 36.Kf3 a5 37.Nxa5 Qa6
38.Kg2 Nxa5 39.Qxa5 Qb7 40.g5 Nf5 41.Qc3 Qa7 42.Be3 Qa4 43.Bf2 Qd1 44.Nd3 Qe2
45.Nc1 Qe4+ 46.Kf1 Qxf4 47.a4 Be7 48.a5 Bxg5 49.Ne2 Qe4 50.Ng3 Qb1+ 51.Kg2 Nh6
52.Kh3 Qa2 53.Be1 Nf5 54.Nxf5+ exf5 55.Kg3 Bd8 56.Kf3 Qb1 57.a6 Qd1+ 58.Kg2 Qe2+
59.Kg1 Qxa6 60.Qe3 Qe6 61.Bb4 g5 62.Qc1 Be7 63.Bxe7 Qxe7 64.Qc6 Qe6 65.Qc7 f4
66.Qd8 Kg6 67.Kf2 Kf5 68.Qg8 g4 69.Qh7+ Qg6 70.Qh1 g3+ 71.Kg2 Kg5 72.Qd1 Qe4+
73.Kh3 Qh7+  0-1

[Event "4th Timisoara Cup B"]
[Site "Timisoara ROM"]
[Date "2009.08.06"]
[Round "6"]
[White "Uta,Ad"]
[Black "Adzic,S"]
[Result "0-1"]
[WhiteElo "2076"]
[BlackElo "2154"]

1.e4 g6 2.d4 Bg7 3.Nc3 d6 4.f4 Nc6 5.Nf3 Bg4 6.d5 Nb8 7.Be2 c6 8.O-O cxd5
9.exd5 Nf6 10.h3 Bxf3 11.Rxf3 O-O 12.f5 Nbd7 13.fxg6 hxg6 14.Be3 Ne5 15.Rf1 a6
16.a4 Rc8 17.Qd4 Qc7 18.Qb6 Qd7 19.Qb3 Qc7 20.a5 Nfd7 21.Rfc1 f5 22.Qb4 Nc4
23.Bxc4 Qxc4 24.Ra4 Qc7 25.Ne2 Nc5 26.Ra2 Qd7 27.Qh4 Ne4 28.c4 e5 29.dxe6 Qxe6
30.Nf4 Qf7 31.Nd5 Rce8 32.b3 Nf6 33.Nxf6+ Bxf6 34.Qf2 Re4 35.Rd1 Rfe8 36.Bf4 Rxf4
37.Qxf4 Be5 38.Qf3 Qc7 39.Qd5+ Kg7 40.Rc2 Bf4  0-1

[Event "FSGM August"]
[Site "Budapest HUN"]
[Date "2009.08.08"]
[Round "8"]
[White "Tzermiadianos,An"]
[Black "Pap,G"]
[Result "0-1"]
[WhiteElo "2447"]
[BlackElo "2503"]

1.e4 g6 2.d4 Bg7 3.Nc3 d6 4.f4 Nf6 5.Nf3 O-O 6.Bd3 Na6 7.e5 Nd7 8.h4 c5 9.h5 cxd4
10.Ne4 Ndc5 11.hxg6 hxg6 12.Nfg5 Nxd3+ 13.Qxd3 f6 14.Ng3 fxg5 15.Qxg6 gxf4
16.Qh7+ Kf7 17.O-O dxe5 18.Nh5 Rg8 19.Bxf4 exf4 20.Rxf4+ Ke6 21.Nxg7+ Kd5
22.Qe4+ Kd6 23.Re1 Kc7 24.Rf7 Qd6 25.Rxe7+ Bd7 26.Nf5 Qc6 27.Qe5+ Kd8 28.Re2 d3
29.Nd4 Qc5 30.Rxd7+ Kxd7 31.Qe6+ Kc7 32.Qf7+ Kb6 33.Qf6+ Kc7 34.Re7+ Kb8
35.b4 Qd5 36.Qf4+ Kc8 37.Nf3 d2  0-1

[Event "Open"]
[Site "Kavala GRE"]
[Date "2009.08.08"]
[Round "9"]
[White "Berescu,A"]
[Black "Gelashvili,T"]
[Result "0-1"]
[WhiteElo "2495"]
[BlackElo "2605"]

1.e4 d6 2.d4 g6 3.Nc3 Bg7 4.f4 Nc6 5.Be3 Nf6 6.Be2 e6 7.Qd2 O-O 8.e5 Nd5
9.Nxd5 exd5 10.O-O-O f6 11.exf6 Qxf6 12.g4 a5 13.h4 Bd7 14.h5 a4 15.hxg6 hxg6
16.Bf3 Na5 17.f5 gxf5 18.Qh2 f4 19.Bxd5+ Be6 20.Qh7+ Kf7 21.Bxe6+ Qxe6 22.Qh5+ Ke7
23.Bf2 Kd7 24.d5 Qf7 25.Nf3 Nc4 26.Bd4 a3 27.b3 Ne3 28.Rd3 Bxd4 29.Qxf7+ Rxf7
30.Rxd4 Nxg4 31.Ng5 Re7 32.Rxf4 Ne3 33.Rd4 Rf8 34.Ne4 Nxd5 35.Rxd5 Rxe4 36.Ra5 Rf2
37.Kb1 Ree2 38.Rc1 c5 39.Rxa3 d5 40.Ra5 Kc6 41.Ra8 d4 42.Rc8+ Kb5 43.Rd8 Rd2
44.Rd6 Rh2 45.Rd7 Kc6 46.Rd8 Rhg2 47.Rc8+ Kb5 48.Ra8 Rgf2 49.Ra7 Kc6 50.Ra8 b6
51.Ra7 b5 52.Ra6+ Kd5 53.Ra5 Kc6 54.Ra6+ Kb7 55.Ra5 Kb6 56.Ra8 c4 57.bxc4 bxc4
58.Rc8 c3 59.a3 Rde2 60.Rc4 d3 61.Rb4+ Kc5 62.cxd3 Rb2+ 63.Rxb2 Rxb2+ 64.Ka1 Kd4
65.Rh1 Rb8 66.Rh4+ Kxd3 67.Rh3+ Kc2 68.Ka2 Rb2+ 69.Ka1 Kb3 70.a4 Rg2  0-1

[Event "Open"]
[Site "Ptuj SLO"]
[Date "2009.08.08"]
[Round "8"]
[White "Mazi,L"]
[Black "Gorsek,G"]
[Result "1-0"]
[WhiteElo "2362"]
[BlackElo "2009"]

1.e4 g6 2.d4 Bg7 3.Nc3 d6 4.Be3 a6 5.Qd2 Nd7 6.Nf3 b5 7.d5 Ngf6 8.Nd4 Bb7
9.f3 O-O 10.Bh6 Bxh6 11.Qxh6 Ne5 12.h4 c5 13.dxc6 Nxc6 14.Nxc6 Bxc6 15.O-O-O Qa5
16.Kb1 b4 17.Ne2 Rfc8 18.Nd4 Bd7 19.g4 Kh8 20.Qd2 Ba4 21.Nb3 Bxb3 22.cxb3 Rc5
23.Bc4 Kg8 24.Rhe1 Rd8 25.g5 Nd7 26.f4 Nb6 27.Bd3 d5 28.e5 e6 29.a3 bxa3
30.b4 Rb5  1-0

[Event "A2Bmedialtd.com Int Gp C"]
[Site "Uxbridge ENG"]
[Date "2009.08.15"]
[Round "6"]
[White "White,D"]
[Black "McKenna,Jas"]
[Result "0-1"]
[WhiteElo "2051"]
[BlackElo "2146"]

1.e4 g6 2.d4 Bg7 3.Nc3 d6 4.f4 c6 5.Nf3 Bg4 6.Be2 Qb6 7.e5 Nh6 8.Ng5 Bxe2
9.Nxe2 O-O 10.Ng3 c5 11.c3 cxd4 12.cxd4 Nc6 13.Nf3 Rfd8 14.O-O dxe5 15.fxe5 Ng4
16.Kh1 Nxd4 17.Ng5 Nxe5 18.Be3 h6 19.N5e4 Nc4 20.Bg1 Rac8 21.Qe1 Qe6 22.Rd1 f5  0-1

[Event "A2Bmedialtd.com Int Gp C"]
[Site "Uxbridge ENG"]
[Date "2009.08.15"]
[Round "7"]
[White "McKenna,Jas"]
[Black "Rudd,J"]
[Result "1-0"]
[WhiteElo "2146"]
[BlackElo "2326"]

1.e4 d6 2.d4 g6 3.Nc3 Bg7 4.Nf3 a6 5.Be3 e6 6.Qd2 h6 7.Be2 Ne7 8.O-O Nd7
9.a4 b6 10.Rad1 Bb7 11.h3 g5 12.Nh2 Ng6 13.Bh5 Qe7 14.f4 gxf4 15.Bxf4 O-O-O
16.Be3 Nf6 17.Bf3 Nh4 18.Qd3 Nxf3+ 19.Nxf3 Rhg8 20.d5 Nh5 21.Nd4 Bxd4 22.Bxd4 e5
23.Be3 Kb8 24.a5 bxa5 25.Ra1 Rg3 26.Ne2 Rg6 27.Rxa5 Rdg8 28.Rf2 Qh4 29.Rxa6 Qxh3
30.Ba7+  1-0

[Event "Jubilee Open"]
[Site "Zuerich SUI"]
[Date "2009.08.15"]
[Round "9"]
[White "Saric,Iv"]
[Black "Ballmann,M"]
[Result "1-0"]
[WhiteElo "2561"]
[BlackElo "2390"]

1.e4 g6 2.d4 Bg7 3.Nc3 d6 4.f4 Nf6 5.Nf3 O-O 6.Bd3 Na6 7.O-O c5 8.d5 Rb8
9.a4 Nc7 10.Bc4 e6 11.dxe6 Bxe6 12.Bxe6 fxe6 13.f5 exf5 14.exf5 gxf5 15.Nh4 Ng4
16.Nxf5 Rxf5 17.Rxf5 Qh4 18.h3 Bd4+ 19.Kh1 Nf2+ 20.Rxf2 Qxf2 21.Ne4 Qh4 22.Nxd6 Rf8
23.Bd2 Be5 24.Bc3 Bxc3 25.bxc3 Rd8 26.Qd3 c4 27.Qxc4+ Qxc4 28.Nxc4 Rd5 29.Ne3 Re5
30.Ng4 Rc5 31.Rd1 Kf7 32.Rd7+ Ke6 33.Rxh7 Rxc3 34.Kh2 a5 35.Rh6+ Kf5 36.Rh5+ Ke4
37.Rxa5 Nd5 38.Rb5 b6 39.a5 bxa5 40.Rxa5 Nf4 41.Nf6+  1-0

[Event "XVIII TCh-MKD"]
[Site "Struga MKD"]
[Date "2009.08.16"]
[Round "7"]
[White "Glavinac,G"]
[Black "Simov,S"]
[Result "0-1"]
[WhiteElo "2193"]
[BlackElo "2205"]

1.e4 d6 2.d4 g6 3.Nc3 Bg7 4.g3 Nf6 5.Bg2 O-O 6.Nge2 Na6 7.O-O c5 8.d5 Nc7
9.a4 Rb8 10.f4 b6 11.h3 a6 12.g4 b5 13.axb5 axb5 14.Ng3 b4 15.Nce2 Nd7 16.Ra2 Nb5
17.Be3 Nb6 18.b3 Bd7 19.f5 Ra8 20.Rxa8 Qxa8 21.g5 Rc8 22.f6 exf6 23.gxf6 Bh8
24.Bc1 Qa2 25.Bg5 Qb2 26.Qc1 Qxc1 27.Nxc1 Nd4 28.Rf2 Bb5 29.Bf1 Bxf1 30.Kxf1 Nd7
31.Nd3 h6 32.Bf4 Bxf6 33.Bxd6 Bh4 34.Kg2 Nb5 35.Bf4 Nc3 36.Kf3 Re8 37.Rg2 Bxg3
38.Bxg3 Nxe4 39.Bf4 g5 40.Be3 f6 41.Rg1 Nc3 42.Bxc5 Nxc5 43.Nxc5 Nxd5 44.Rd1 Re3+
45.Kg4 Ne7 46.Rd3 Re5 47.Rd8+ Kf7 48.Nd3 Re4+ 49.Kf3 Rh4 50.Kg2 Nf5 51.Rc8 Re4
52.Kf2 Rh4 53.Kg2 Ne3+ 54.Kf2 Rxh3 55.Nxb4 h5 56.Nd3 Nxc2 57.Nc5 Nb4 58.Rc7+ Kg6
59.Ne6 Rxb3 60.Rg7+ Kh6 61.Rf7 Rb2+ 62.Ke3 Kg6 63.Rg7+ Kf5 64.Nd4+ Kg4 65.Rf7 Nc2+  0-1

[Event "24th Open"]
[Site "Tetevan BUL"]
[Date "2009.08.16"]
[Round "3"]
[White "Verdaguer Muntanya,M"]
[Black "Badev,K"]
[Result "0-1"]
[WhiteElo "2144"]
[BlackElo "2320"]

1.e4 g6 2.d4 Bg7 3.Nc3 d6 4.f4 Nf6 5.Nf3 O-O 6.Bd3 Bg4 7.h3 Bxf3 8.Qxf3 Nc6
9.Be3 e5 10.dxe5 dxe5 11.f5 Nd4 12.Bxd4 exd4 13.Ne2 Nd7 14.O-O Qg5 15.Qf4 Qxf4
16.Nxf4 c6 17.g4 Be5 18.fxg6 hxg6 19.Ne2 a5 20.a4 Kg7 21.Kg2 Rae8 22.Rae1 Nc5
23.b3 Bf6 24.Kf3 Re7 25.Ng3 Rh8 26.Rh1 Bh4 27.Re2 Rhe8 28.Rhe1 Re5 29.Rg1 Ne6
30.Rh1 Ng5+ 31.Kf4 Bxg3+ 32.Kxg3 Nxe4+ 33.Kf4 g5+ 34.Kf3 Nc3 35.Rxe5 Rxe5
36.h4 Re3+ 37.Kf2 Ne4+ 38.Bxe4 Rxe4 39.hxg5 Rxg4 40.Rh6 Rxg5 41.Rd6 Rd5  0-1

[Event "A2Bmedialtd.com Int Gp C"]
[Site "Uxbridge ENG"]
[Date "2009.08.16"]
[Round "8"]
[White "Jackson,J"]
[Black "McKenna,Jas"]
[Result "1/2-1/2"]
[WhiteElo "2045"]
[BlackElo "2146"]

1.e4 g6 2.d4 Bg7 3.Nc3 d6 4.f4 c6 5.Nf3 Bg4 6.Be3 Qb6 7.Qd2 Bxf3 8.gxf3 Nd7
9.Bh3 e6 10.f5 exf5 11.exf5 Ngf6 12.O-O-O d5 13.Bh6 O-O 14.Bxg7 Kxg7 15.Rhg1 Qc7
16.f4 Rae8 17.fxg6 fxg6 18.f5 Ne4 19.Nxe4 Rxe4 20.Rdf1 Nb6 21.fxg6 Rxf1+
22.Rxf1 hxg6 23.Bf5 Qf7 24.Qg2 Rxd4 25.Be4 Qe8 26.Bd3 Nc4 27.Kb1 Ne3 28.Qe2 Re4
29.Rg1 Re6 30.a3 Nc4 31.Qf2 Ne5 32.Qd4 b6 33.h4 c5 34.Qxd5  1/2-1/2

[Event "A2Bmedialtd.com Int Gp B"]
[Site "Uxbridge ENG"]
[Date "2009.08.16"]
[Round "9"]
[White "Khandelwal,A"]
[Black "McNab,C"]
[Result "1/2-1/2"]
[WhiteElo "2160"]
[BlackElo "2474"]

1.e4 g6 2.d4 d6 3.Nc3 Bg7 4.Be3 Nf6 5.f3 c6 6.Qd2 Qa5 7.g4 h5 8.g5 Nfd7 9.f4 d5
10.exd5 cxd5 11.b4 Qxb4 12.Nxd5 Qxd2+ 13.Bxd2 Kd8 14.Nf3 b6 15.Bg2 Bb7 16.Ne3 Na6
17.O-O Rc8 18.c3 e6 19.a4 Nc7 20.Rfb1 Be4 21.Rb2 Nd5 22.Nxd5 Bxd5 23.Kf2 Ke7
24.Bf1 Bc4 25.Bg2 Rc7 26.Ne5 Nxe5 27.fxe5 Rd8 28.a5 b5  1/2-1/2

[Event "9th Open"]
[Site "Brasschaat BEL"]
[Date "2009.08.17"]
[Round "3"]
[White "Roos,Ad"]
[Black "Vandenbussche,T"]
[Result "1/2-1/2"]
[WhiteElo "2060"]
[BlackElo "2282"]

1.e4 g6 2.d4 Bg7 3.Nc3 d6 4.Be3 a6 5.f4 b5 6.Bd3 Bb7 7.Nf3 Nd7 8.e5 c5 9.Be4 Bxe4
10.Nxe4 Nh6 11.dxc5 Ng4 12.Bg1 dxe5 13.c6 Ndf6 14.Nxf6+ exf6 15.Qxd8+ Rxd8
16.c7 Rc8 17.Bb6 Kd7 18.a4 exf4 19.O-O-O+ Kc6 20.a5 Ne3 21.Nd4+ Kb7 22.Nb3 Nxd1
23.Nc5+ Kc6 24.Rxd1 Bf8 25.Nxa6 Kb7 26.Nb8 f3 27.gxf3 Bh6+ 28.Kb1 Bf4 29.Rd7 Bxh2
30.Rxf7 Bxc7 31.Na6 Kxa6 32.Bxc7 Rcf8 33.Rg7 b4 34.Bd6 Rfg8 35.Rf7 Kxa5 36.Rxf6 h5
37.Ka2 Re8 38.Rxg6 Re2 39.Rg7 Ka6 40.Bxb4 Rxc2 41.Bc3 Rh6 42.Kb3 Rf2 43.Rg3 Rh2
44.Kc4 h4 45.Rg7 h3 46.Bd4 Rc2+ 47.Kb4 Rxb2+ 48.Bxb2 h2 49.Bd4 Rb6+ 50.Bxb6 h1=Q
51.Bd4 Qb1+  1/2-1/2

[Event "9th Open"]
[Site "Brasschaat BEL"]
[Date "2009.08.18"]
[Round "4"]
[White "Boulahfa,H"]
[Black "Both,E"]
[Result "0-1"]
[WhiteElo "2022"]
[BlackElo "2234"]

1.e4 g6 2.d4 Bg7 3.Nc3 d6 4.Nf3 a6 5.a4 b6 6.Bc4 e6 7.O-O Ne7 8.Bg5 h6 9.Be3 Nd7
10.Qd2 Bb7 11.Ne1 Nf6 12.f3 d5 13.Bd3 dxe4 14.fxe4 Ng4 15.Ne2 Nxe3 16.Qxe3 O-O
17.c3 Rc8 18.a5 c5 19.Nf3 cxd4 20.cxd4 b5 21.Nd2 Nc6 22.Nb3 Nb4 23.Nc5 Rxc5  0-1

[Event "16th Vienna Open"]
[Site "Vienna AUT"]
[Date "2009.08.18"]
[Round "4"]
[White "Caruso,Au"]
[Black "Shoker,S"]
[Result "0-1"]
[WhiteElo "2251"]
[BlackElo "2448"]

1.e4 g6 2.d4 Bg7 3.Nc3 d6 4.Nge2 Nf6 5.g3 O-O 6.Bg2 Nbd7 7.O-O Rb8 8.a4 c5
9.h3 b6 10.Re1 a6 11.Rb1 Bb7 12.b4 cxd4 13.Nxd4 Rc8 14.Nd5 e5 15.Nxf6+ Nxf6
16.Nb3 Qc7 17.Re2 Qc4 18.Bg5 Qxb4 19.Na1 Qxa4 20.Bxf6 Bxf6 21.Qxd6 Rc6 22.Qd7 Bc8
23.Qa7 Qc4 24.Rd2 Rc7 25.Qxb6 Rb7 26.Qxb7 Bxb7 27.Rxb7 a5 28.Rd6 Kg7 29.Rbb6 Be7
30.Rdc6 Qa2 31.Nb3 a4 32.Nc1 Qa1 33.Kh2  0-1

[Event "16th Vienna Open"]
[Site "Vienna AUT"]
[Date "2009.08.19"]
[Round "5"]
[White "Faerman,I"]
[Black "Thiede,L"]
[Result "0-1"]
[WhiteElo "2249"]
[BlackElo "2452"]

1.e4 g6 2.d4 Bg7 3.Nc3 d6 4.Be2 a6 5.h4 h6 6.h5 g5 7.f4 gxf4 8.Bxf4 Nc6 9.Nf3 Bg4
10.d5 Bxf3 11.gxf3 Nd4 12.Be3 Nxe2 13.Nxe2 c5 14.Kf2 Qc7 15.c3 Nf6 16.Ng3 e6
17.c4 Nd7 18.Qe2 b5 19.cxb5 axb5 20.Qxb5 Rb8 21.Qc6 Rxb2+ 22.Ne2 Qb8 23.Rad1 Ke7
24.Rhg1 Bf6 25.f4 Rc8 26.Qa4 Nb6 27.Qa6 Qa8 28.Qxa8 Rxa8 29.e5 Bh4+ 30.Kf3 Nxd5
31.exd6+ Kxd6 32.Nc1 c4 33.Bd4 Rc2 34.Be5+ Ke7 35.f5 Ra3+ 36.Ke4 Re3+ 37.Kd4  0-1

[Event "9th Open"]
[Site "Brasschaat BEL"]
[Date "2009.08.20"]
[Round "6"]
[White "Vandenbussche,T"]
[Black "Both,E"]
[Result "1-0"]
[WhiteElo "2282"]
[BlackElo "2234"]

1.d4 g6 2.e4 Bg7 3.Nc3 d6 4.Nge2 Nf6 5.g3 O-O 6.Bg2 c5 7.dxc5 dxc5 8.Qxd8 Rxd8
9.Be3 Na6 10.h3 e5 11.f4 Be6 12.O-O b6 13.a3 Bc4 14.Rf2 Nc7 15.Raf1 Nd7 16.b3 Ba6
17.f5 f6 18.Nd5 Nxd5 19.exd5 gxf5 20.Rd1 Bxe2 21.Rxe2 Kf7 22.Rf2 Kg6 23.Rdf1 Bh6
24.Bxh6 Kxh6 25.Rxf5 Rg8 26.g4 Rg5 27.R5f2 Kg7 28.Be4 h5 29.Bf5 Rd8 30.h4 Rxg4+
31.Bxg4 hxg4 32.Rg2 Kh6 33.Rxg4 Kh5 34.Rg7 e4 35.c4 Kh6 36.Re7 Rg8+ 37.Kh2 Rg7
38.Rxg7 Kxg7 39.Rf4 e3 40.Re4 Ne5 41.Rxe5  1-0

[Event "5th Geller Mem Open A"]
[Site "Odessa UKR"]
[Date "2009.08.20"]
[Round "1"]
[White "Ivanenko,O2"]
[Black "Chepel,N"]
[Result "0-1"]
[WhiteElo "2033"]
[BlackElo "2304"]

1.e4 g6 2.d4 Bg7 3.Nc3 d6 4.f4 Nf6 5.Nf3 c5 6.Bb5+ Bd7 7.e5 Ng4 8.e6 Bxb5
9.exf7+ Kd7 10.Nxb5 Qa5+ 11.Nc3 cxd4 12.Nxd4 Bxd4 13.Qxd4 Nc6 14.Qd1 h5 15.h3 Nh6
16.Be3 Nf5 17.Bf2 Raf8 18.Qd2 Rxf7 19.O-O-O h4 20.Rhe1 Rhf8 21.Qe2 Kc8 22.Rd5 Qd8
23.Ne4 e6 24.Rd2 Kb8 25.Bc5 Qa5 26.Ba3 Rd8 27.Nxd6 Nxd6 28.Rxd6 Rc8 29.Rd2 Ka8
30.Qxe6 Rfc7 31.Qd5 Qa4 32.Re4 Nb4 33.Rxb4 Rxc2+ 34.Kd1 Rxd2+ 35.Kxd2 Qc2+
36.Ke3 Qc1+ 37.Kf3 Qf1+ 38.Ke3 Re8+ 39.Re4 Qe1+ 40.Kd4 Qd2+ 41.Kc4 Qc2+ 42.Kd4 Qd2+
43.Kc4 Rc8+  0-1

[Event "5th Geller Mem Open A"]
[Site "Odessa UKR"]
[Date "2009.08.20"]
[Round "1"]
[White "Usanov,M"]
[Black "Matjushin,G"]
[Result "0-1"]
[WhiteElo "2194"]
[BlackElo "2480"]

1.e4 d6 2.d4 g6 3.Nc3 Bg7 4.g3 Nf6 5.Bg2 O-O 6.Nge2 Nbd7 7.O-O a6 8.h3 Rb8
9.f4 c5 10.Be3 b6 11.g4 Bb7 12.Ng3 cxd4 13.Bxd4 e5 14.Be3 exf4 15.Bxf4 Ne8
16.Rb1 Be5 17.Nge2 Bxf4 18.Nxf4 Qg5 19.Ncd5 Bxd5 20.Nxd5 b5 21.Qd4 Ng7 22.Nf4 Qe5
23.Rbd1 Ne8 24.Nd5 Qxd4+ 25.Rxd4 Kg7 26.g5 Ne5 27.Nf6 Rd8 28.b3 h6 29.gxh6+ Kxh6
30.Ng4+ Nxg4 31.hxg4 Rc8 32.c4 bxc4 33.bxc4 Rc5 34.Kh2 Ra5 35.Rf2 Kg5 36.Rb2 Nf6
37.Bf3 Rc8 38.Kg3 Ra3 39.Kg2 Nd7 40.Bd1 Ne5 41.Bb3 Nxg4 42.Rxd6 Ne5 43.Rc2 Ra5
44.Kg3 f6 45.Rd5 Rac5 46.Rd6 a5 47.Rf2 a4 48.Bxa4 Rxc4 49.Bb3 Rxe4 50.Rfxf6 Rc3+
51.Kg2 Rg4+ 52.Kf2 Re4 53.Rfe6 Rf3+ 54.Kg1 Rg4+ 55.Kh2 Kh4  0-1

[Event "24th Open"]
[Site "Tetevan BUL"]
[Date "2009.08.20"]
[Round "8"]
[White "Bonev,T"]
[Black "Vachev,V"]
[Result "1/2-1/2"]
[WhiteElo "2260"]
[BlackElo "2144"]

1.e4 d6 2.d4 g6 3.Nc3 Bg7 4.Be3 Nf6 5.Qd2 Ng4 6.Bg5 h6 7.Bh4 c6 8.Nf3 b5
9.Bd3 b4 10.Ne2 a5 11.O-O Ba6 12.c3 Bxd3 13.Qxd3 O-O 14.Rfe1 Na6 15.h3 Nf6
16.e5 dxe5 17.Nxe5 bxc3 18.bxc3 c5 19.Rab1 cxd4 20.Nxd4 e6 21.Qf3 g5 22.Ndc6 Qd2
23.Re2 Qd6 24.Bg3 Qa3 25.Rb7 Rae8 26.Ra7 Nb8 27.Rxa5 Qc1+ 28.Kh2 h5 29.Nd3 g4
30.Qxf6 Bxf6 31.Nxc1 Nxc6 32.Rxh5 gxh3 33.Bd6 Be7 34.Bxe7 Nxe7 35.Rxh3 Rc8
36.Re4 Ng6 37.Ne2 Kg7 38.Nf4 Nxf4 39.Rxf4 Rh8 40.c4 Rxh3+ 41.Kxh3 Rc5 42.Re4 Ra5
43.Re2 Ra3+ 44.g3 Rc3 45.a4 Ra3 46.c5 Rxa4 47.Rc2 Ra7 48.Kg4 Kf6 49.Kf4 Ke7
50.Kg5 Ra8 51.c6 Rg8+ 52.Kh6 f5 53.Kh7 Rc8 54.Kg7 Rc7 55.Kg6 Rc8 56.f4 Rg8+
57.Kh7 Rxg3 58.c7 Kf7 59.Kh6 Kf6 60.Kh7 Kf7  1/2-1/2

[Event "16th Vienna Open"]
[Site "Vienna AUT"]
[Date "2009.08.20"]
[Round "6"]
[White "Kovalev,An"]
[Black "Shoker,S"]
[Result "0-1"]
[WhiteElo "2533"]
[BlackElo "2448"]

1.e4 g6 2.d4 Bg7 3.Nc3 d6 4.Be3 a6 5.Nf3 b5 6.Bd3 Nd7 7.e5 Bb7 8.e6 fxe6
9.Ng5 Nf8 10.O-O Nf6 11.Re1 Qd7 12.Bd2 h6 13.Nf3 g5 14.Qe2 Kf7 15.a4 c6 16.Ne4 Nxe4
17.Bxe4 Bf6 18.Ra3 Rg8 19.Ne5+ dxe5 20.dxe5 Bxe5 21.Qh5+ Ng6 22.Rd3 Qc7 23.Qxh6 Rg7
24.Bxg5 Rag8 25.h4 c5 26.Rf3+ Ke8 27.Qh5 Kd7 28.Bxb7 Qxb7 29.Qg4 Nxh4 30.Rxe5 Nxf3+
31.gxf3 Qc6 32.axb5 Qd6  0-1

[Event "ch-FRA National B"]
[Site "Nimes FRA"]
[Date "2009.08.21"]
[Round "11"]
[White "Bedouin,X"]
[Black "Govciyan,P"]
[Result "1-0"]
[WhiteElo "2378"]
[BlackElo "2438"]

1.e4 g6 2.d4 Bg7 3.Nc3 d6 4.f4 Nf6 5.Nf3 O-O 6.Bd3 Na6 7.O-O c5 8.d5 Bg4
9.Bc4 Nc7 10.h3 Bxf3 11.Qxf3 a6 12.a4 Nd7 13.Qd3 Qc8 14.Be3 Rb8 15.Rab1 f5
16.e5 b5 17.axb5 Nb6 18.b3 Kh8 19.bxa6 Nxc4 20.bxc4 dxe5 21.fxe5 Nxa6 22.e6 Rd8
23.Ne2 Nb4 24.Qd2 Ra8 25.c3 Nc6 26.Bxc5 Qxe6 27.Bb6 Qe4 28.Bxd8 Rxd8 29.Qf4 Qxf4
30.Nxf4 Na5 31.Ne6 Rc8 32.c5 Bxc3 33.Rfc1 Bd2 34.Rc2 Be3+ 35.Kf1  1-0

[Event "Open A"]
[Site "Panevezys LTU"]
[Date "2009.08.21"]
[Round "7"]
[White "Dainauskas,J"]
[Black "Labuckas,A"]
[Result "1/2-1/2"]
[WhiteElo "1938"]
[BlackElo "2322"]

1.e4 g6 2.d4 Bg7 3.Nc3 d6 4.Be3 Nf6 5.Qd2 c6 6.O-O-O b5 7.Bh6 Bxh6 8.Qxh6 b4
9.e5 bxc3 10.exf6 cxb2+ 11.Kxb2 exf6 12.Bc4 d5 13.Bb3 Be6 14.Ne2 Nd7 15.Rhe1 Qe7
16.Nf4 O-O-O 17.Nd3 Qd6 18.h3 Bf5 19.Qd2 Bxd3 20.Qxd3 Kb7 21.c4 dxc4 22.Bxc4 Ka8
23.Bxf7 Rhf8 24.Bb3 Nc5 25.Qc4 Nxb3 26.axb3 Rfe8 27.Kc3 Kb8 28.Ra1 Re5 29.Qa4 Rc5+
30.Kb2 Qxd4+ 31.Qxd4 Rxd4 32.Re8+ Kb7 33.Re7+ Kb6 34.Raxa7 Rd2+ 35.Kb1 Re5
36.Rxe5 fxe5 37.Rxh7 Rxf2 38.g4 Kc5 39.Rg7 Rf3 40.Kc2 Rxh3 41.Rxg6 Kd5 42.b4 e4
43.g5 Rg3 44.Rg8 Kc4 45.Rg6 Rg2+ 46.Kd1 Kd5 47.Rg8 Kc4 48.Rg6 Kb5 49.Re6 Rxg5
50.Rxe4 Rg2 51.Kc1 Ra2 52.Kb1 Ra4 53.Kc2 Rxb4 54.Re5+ c5 55.Kc3 Rh4 56.Re3 Rh8
57.Rg3 Ra8 58.Kb3 c4+ 59.Kb2 Kb4 60.Rg4 Rh8 61.Rg2 Rh3 62.Rf2 Rb3+ 63.Kc2 Ra3
64.Rf4 Ra2+ 65.Kb1 Rh2 66.Rf3 Rd2 67.Kc1 Rh2 68.Rg3 Re2 69.Rh3 Rg2 70.Rf3 Kc5
71.Rh3 Kb4 72.Rf3 c3 73.Rf8  1/2-1/2

[Event "24th Open"]
[Site "Schwarzach AUT"]
[Date "2009.08.21"]
[Round "7"]
[White "Hulpia,F"]
[Black "Meier,Al"]
[Result "1/2-1/2"]
[WhiteElo "2028"]
[BlackElo "2146"]

1.e4 d6 2.d4 g6 3.Nc3 Bg7 4.f4 Nf6 5.Nf3 O-O 6.Bd3 Na6 7.O-O c5 8.d5 Bg4
9.h3 Bxf3 10.Rxf3 Rc8 11.Bc4 Nc7 12.a4 a6 13.Qd3 e6 14.Bd2 exd5 15.exd5 Re8
16.Rff1 Nd7 17.a5 Qf6 18.Kh1 Qd4 19.Ra4 Qxd3 20.cxd3 f5 21.Raa1 Bd4 22.Na4 Re2
23.Bc3 Na8 24.Rae1 Rce8 25.Rxe2 Rxe2 26.Bxd4 cxd4 27.b4 Kg7 28.Kg1 Kf6 29.Rf2 Re1+
30.Rf1 Re2 31.Rf2 Re1+ 32.Rf1 Rxf1+ 33.Kxf1 b5 34.axb6 Ndxb6 35.Bb3 Nxa4
36.Bxa4 Nc7 37.Bc6 h6 38.Ke2 Nb5 39.Bxb5 axb5  1/2-1/2

[Event "XI Sants Open"]
[Site "Barcelona ESP"]
[Date "2009.08.23"]
[Round "3"]
[White "Almeida Toledano,D"]
[Black "Almeida Quintana,O"]
[Result "0-1"]
[WhiteElo "2331"]
[BlackElo "2524"]

1.e4 g6 2.d4 Bg7 3.Nc3 d6 4.f4 a6 5.Nf3 b5 6.Bd3 Nd7 7.e5 c5 8.Be4 Rb8 9.O-O b4
10.Ne2 Qc7 11.c3 Nh6 12.Kh1 O-O 13.Qe1 bxc3 14.bxc3 Nb6 15.Ng3 f5 16.Bd3 Nf7
17.Rb1 c4 18.Bc2 Bh6 19.Rf2 Nd5 20.Rxb8 Qxb8 21.Ne2 Nd8 22.Bd2 Ne6 23.Qc1 Bd7
24.Ne1 Qb6 25.Rf3 Rb8 26.Rh3 Bg7 27.Qa3 Nec7 28.Bc1 dxe5 29.fxe5 Bxe5 30.dxe5 Qf2
31.Ng1 Qxe1 32.Bg5 f4 33.Rh4 Qxe5 34.Nf3 Qe2 35.Bxf4 Nxf4  0-1

[Event "Masters"]
[Site "Brasschaat BEL"]
[Date "2009.08.23"]
[Round "9"]
[White "Soors,S"]
[Black "Docx,S"]
[Result "1-0"]
[WhiteElo "2222"]
[BlackElo "2384"]

1.e4 d6 2.d4 g6 3.Nc3 Bg7 4.Be3 a6 5.a4 Nf6 6.Qd2 Nc6 7.h3 e5 8.Nf3 exd4
9.Nxd4 O-O 10.Bd3 Bd7 11.O-O Re8 12.Rfe1 Nb4 13.Nb3 c5 14.Bg5 Qc7 15.Bc4 Be6
16.Bxe6 Rxe6 17.Re2 Rae8 18.Rae1 b6 19.Qf4 Qc6 20.Qf3 Qb7 21.Nc1 Nc6 22.Qd3 Nd4
23.Re3 Nd7 24.b3 c4 25.Qd2 cxb3 26.Nxb3 Nxb3 27.cxb3 Nc5 28.Qd5 Qd7 29.Bf4 Bxc3
30.Rxc3 Nxe4 31.Rce3 Nc3 32.Qd3 Rxe3 33.Rxe3 Rxe3 34.Bxe3 Qc6 35.Qxa6 Nd5
36.Qd3 f6 37.Bd2 Kf7 38.Kf1 Qc5 39.Ke2 Ke6 40.Qe4+ Kf7 41.Qd3 h5 42.g4 hxg4
43.hxg4 Nc7 44.Qh3 Qe5+ 45.Kf1 Qd5 46.Qh7+ Ke6 47.Qg8+ Kd7 48.Qxd5 Nxd5 49.Ke2 Kc6
50.b4 b5 51.axb5+ Kxb5 52.Kd3 Ne7 53.Bf4 Kc6 54.Kd4 d5 55.b5+ Kxb5 56.Bd6 Nc8
57.Kxd5 Nb6+ 58.Ke6 Kc6 59.Be7 f5 60.g5 Nd5 61.Bd6 Nc3 62.Be5 Ne4 63.f4 Nc5+
64.Kf6 Nd7+ 65.Kxg6 Nxe5+ 66.Kxf5 Nf7 67.g6 Nh6+ 68.Ke6  1-0

[Event "5th Gazi Open"]
[Site "Heraklion GRE"]
[Date "2009.08.23"]
[Round "2"]
[White "Georgantas,A2"]
[Black "Townsend,M"]
[Result "0-1"]
[WhiteElo "1750"]
[BlackElo "2183"]

1.e4 g6 2.d4 Bg7 3.Nc3 d6 4.Be3 a6 5.Be2 b5 6.a3 Bb7 7.f4 Nd7 8.Nh3 c5 9.Nf2 Qc7
10.O-O cxd4 11.Bxd4 Ngf6 12.Bf3 O-O 13.Nd3 e5 14.Bf2 Rfe8 15.Re1 Rac8 16.g4 exf4
17.g5 Nh5 18.Bxh5 gxh5 19.Nxf4 Bxc3 20.bxc3 Rxe4 21.Rxe4 Bxe4 22.Bh4 Ne5
23.Nxh5 Nf3+ 24.Kf2 d5 25.Nf6+ Kf8 26.Nxh7+ Ke7  0-1

[Event "XI Sants Open"]
[Site "Barcelona ESP"]
[Date "2009.08.25"]
[Round "5"]
[White "Ferretti,F"]
[Black "Karlsson,L"]
[Result "0-1"]
[WhiteElo "2313"]
[BlackElo "2468"]

1.e4 g6 2.d4 d6 3.Nc3 Bg7 4.Nge2 Nc6 5.Be3 e5 6.h3 Nf6 7.g3 d5 8.dxe5 Nxe5
9.Bg2 Nc4 10.exd5 Nxe3 11.fxe3 O-O 12.O-O Qe7 13.e4 Nd7 14.Qd2 Ne5 15.b3 Qd6
16.Rad1 Bd7 17.Nd4 a6 18.Nce2 b5 19.Kh1 a5 20.Rc1 a4 21.Nf3 Nxf3 22.Rxf3 c5
23.c3 axb3 24.axb3 Ra3 25.Rb1 Be5 26.Nf4 c4 27.bxc4 bxc4 28.Bf1 f5 29.exf5 Rxf5
30.Qf2 Rb3 31.Rxb3 cxb3 32.Bc4 b2 33.Qxb2 g5 34.Qg2 gxf4 35.gxf4+ Bg7 36.Rg3 Rf7
37.Bb3 Bf5 38.c4 Qxf4  0-1